| 000 | 00703nam a2200181 a 4500 | ||
|---|---|---|---|
| 001 | 000015348 | ||
| 005 | 20250221073754.0 | ||
| 008 | 100205s2005 dr a 001 0 spa d | ||
| 040 |
_aDO-SdBNP _bspa _cBNPHU |
||
| 082 |
_axxxx _bR426p |
||
| 110 | 1 |
_aRepública Dominicana, _bSecritaría de Estado de Economía, Planificación y Desarrollo _934687 |
|
| 245 | 1 | 0 |
_aPlan estratégico 2005-2010 : _bconstruyendo el sistema / _cpresentación Pablo Tructk. |
| 260 |
_aSanto Domingo : _bONE _bDepartamento de Planificación y Seguimiento, _c2005. |
||
| 300 |
_a41 p. : _bil. ; _c27 cm. |
||
| 700 | 1 |
_aTruck, Pablo _934688 |
|
| 710 | 1 |
_aRepública Dominicana. _bOficina Nacional de Estadística _95775 |
|
| 049 | _aBNPD | ||
| 999 |
_c14913 _d14913 |
||